• 首页
  • 本馆介绍
  • 公告通知
  • 最新文献
  • 馆藏检索
  • 电子资源
  • 读者导购
  • 参考咨询
  • 我的图书馆
  • 登录
  • 详细信息显示
  • 放入我的书架
  • 预约/预借图书
  • 作者相关作品
  • 分类相关作品
  • 丛书相关作品
  • 出版社相关作品

书目信息

  • 表格格式
  • 工作单格式
  • 卡片格式
题名:
谜语之谜
    
 
作者: 王仿 编
分册:  
出版信息: 上海   上海文艺出版社  1987.8
页数: 377页
开本: 19cm
丛书名:
单 册:
中图分类: I277.8
科图分类:
主题词: 民间文学--中国
电子资源:
ISBN:
000 00525nam0 2200205 45
001 0312221749
005 20040414141906.8
010    @dCNY2.36
091    @a10078.3846
100    @a20031222d1987 km y0chiy0120 ea
101    @achi
105    @a z 000yy
200 1  @a谜语之谜@AMi Yu Zhi Mi@f王仿编@FWang Fang Bian
210    @a上海@c上海文艺出版社@d1987.8
215    @a377页@d19cm
606 0  @a民间文学@x中国
690    @aI277.8@v3
701 0  @a王仿@4编
801    @aCN@bTSTCL@c20031222
905    @dI277.8@e105@f1@b202779
    
    谜语之谜/王仿编.-上海:上海文艺出版社,1987.8
    377页;19cm
    
    
    ISBN :CNY2.36
    
●
相关链接 在E读中查询图书 在五车中查询图书 在当当中查询图书 在豆瓣中查询图书


正题名:谜语之谜     索取号:I277.8/105         预约/预借

序号 登录号 条形码 馆藏地/架位号 状态 备注
1 0202779   000889532   第二借阅区/ [索取号:I277.8/105] 在馆    
2 0202780   000889578   第一样本阅览室/ [索取号:I277.8/105] 在馆    
唐山师范学院图书馆 欢迎您!
大连网信软件有限公司© 版权所有